| 000 | 00373 a2200145 4500 | ||
|---|---|---|---|
| 001 | 167301 | ||
| 020 | _a | ||
| 040 | _cMagnum | ||
| 100 | _aChacon, Lourenco | ||
| 240 | 1 | 0 |
_aRitmo da escrita: uma organizacao do heterogeneo da linguagem _lpor |
| 245 | 1 | 0 | _aRitmo da escrita: uma organizacao do heterogeneo da linguagem |
| 362 | 0 | _a1899 | |
| 697 | _aGERAL | ||
| 942 | _cBK | ||
| 999 |
_c167301 _d167301 |
||